Normal view
MARC view
Entry Personal Name
001 - CONTROL NUMBER
- control field: 39382
003 - CONTROL NUMBER IDENTIFIER
- control field: ARRUPE
005 - DATE AND TIME OF LATEST TRANSACTION
- control field: 20180219143343.0
008 - FIXED-LENGTH DATA ELEMENTS
- fixed length control field: 180219|| aca||aabn | a|a d
040 ## - CATALOGING SOURCE
- Original cataloging agency: ARRUPE
- Transcribing agency: ARRUPE
100 ## - HEADING--PERSONAL NAME
- Personal name: Venter, Al J.
670 ## - SOURCE DATA FOUND
- Source citation: Work cat.: (ARRUPE)6413: Venter, Al J., The Zambesi salient:, 1975